000 01310nam a22002777a 4500
005 20231005093434.0
008 230906b ||||| |||| 00| 0 eng d
020 _a9972040976 (Obra completa)
020 _a9972040984 (Tomo I)
020 _a9972040992 (Tomo II)
020 _a997204100x (Tomo III)
040 _aCO-BoUCM
_cDavid Moreno
_dDavid Moreno
041 _aspa
100 1 _aHinestrosa, Fernando
_d1931-2012
_9178720
245 _aTratado de la interpretación del contrato en América Latina /
_cFernando Hinestrosa, Jorge Avendaño V, Ricardo Lorenzatti … [y otro].
260 _aLima, PE
_bLurídica Grijley
_bUniversidad el Externado
_bRubinzal
_c2007
300 _axlviii, 782 Paginas
_b3 v.
501 _av.1: Reglas para la interpretación de los contratos en América Latina.- v.2: La interpretación del contrato en Colombia, Chile.- v.3: La interpretación del contrato en Perú, Venezuela.
504 _aIncluye referencias bibliográficas e índices
650 _aInterpretacion del contrato
_zAmerica latina
_9178721
700 1 _aAvendaño V. Jorge
_9178722
700 1 _a Lorenzetti, Ricardo Luis
_d1955-
_9178723
700 1 _aRubio Correa, Marcial Antonio
_d1948-
_9178724
942 _2DEWEY
_a8
_cLIBRO
_e1
_h346.614
_mT71t
_n0
999 _c323121
_d323121